[Event "Amsterdam Euwe Memorial"]
[Site "Amsterdam"]
[Date "1996.03.27"]
[Round "5"]
[White "Gelfand, Boris"]
[Black "Kramnik, Vladimir"]
[Result "1/2-1/2"]
[WhiteElo "2700"]
[BlackElo "2775"]
[Annotator "Gelfand,B"]
[PlyCount "66"]
[EventDate "1996.03.22"]
[EventType "tourn"]
[EventRounds "9"]
[EventCountry "NED"]
[EventCategory "18"]
[SourceTitle "CBM 052"]
[Source "ChessBase"]
[SourceDate "1996.06.01"]
[SourceVersion "1"]
[SourceVersionDate "1996.06.01"]
[SourceQuality "1"]

1. c4 {Ribli Hansen,LB} c5 2. Nf3 Nc6 3. d4 cxd4 4. Nxd4 e6 5. Nc3 Nf6 6. Bg5 {
Hansen,LB: A solid continuation, but not without poison.} (6. g3 {Hansen,LB}) (
6. a3 {Hansen,LB}) (6. Ndb5 {Hansen,LB}) 6... Be7 (6... Bb4 {Hansen,LB}) (6...
Qb6 {Hansen,LB}) 7. e3 O-O 8. Be2 Qa5 {Hansen,LB: A new and straightforward
idea. Black prepares d7-d5 with equality. Psakhis empfehlt dieser Zug.} (8...
Qb6 $5) (8... d6 {Hansen,LB} 9. O-O a6 10. Qd2 (10. Rc1 Bd7 11. Nb3 b6 $6 12.
Bxf6 $1 gxf6 13. Qd2 Ra7 14. f4 $16 {Lautier,J - Pinter,J/France/1991/}) 10...
Qc7 11. Rac1 Ne5 12. b3 h6 13. Bf4 b6 14. Bg3 Bb7 15. f4 Ned7 16. b4 Rac8 17.
a3 Qb8 $13 {Kortschnoj,V - Psakhis,L/ Manila ol/1992/}) (8... b6 {Hansen,LB} 9.
O-O (9. Ndb5 {Ribli} d5 $1 10. Bxf6 Bxf6 11. cxd5 exd5 12. Qxd5 Qxd5 13. Nxd5
Bxb2 $10 {Stangl,M-Alterman,B/Beijing/1995/CBM49/INF64,40/}) 9... Bb7 10. Bxf6
$5 Bxf6 11. Ndb5 Ne7 12. Qb3 d6 13. Rfd1 Nc8 14. Rac1 a6 15. Nd4 Qc7 16. Qc2
Na7 17. Na4 Rac8 18. Qd2 Rfd8 19. b3 Ba8 {1/2-1/2/Lautier,J - de Firmian,N/
Biel/1990/}) (8... d5 {Ribli} 9. cxd5 Nxd5 10. Nxc6 bxc6 11. Bxe7 Qxe7 12. Qc2
$14 {Der Anziehende hat einen unbedautenden Vorteil. Stangl,M-Kindermann,S/
Garmisch-Partenkirchen 25'/1994/}) 9. Bh4 Rd8 10. O-O $1 $146 (10. Nb3 Qb6 11.
O-O {Nenashev-Dvoiris,84} d5 $5 $10 (11... d6 {Hansen,LB} 12. Bg3 e5 13. Bh4
Be6 14. Bxf6 Bxf6 15. Rc1 a5 $13 {Psakhis})) 10... d5 {Ribli: Dieser Zug ist
fuer derartige Stellungen typisch: Schwarz will im Zentrum die Figuren
tauschen.} 11. cxd5 (11. Nxc6 bxc6 12. Qc2 Ba6 $10) 11... Nxd4 (11... exd5 $14)
(11... Nxd5 {Ribli} 12. Nxc6 bxc6 13. Bxe7 Nxe7 14. Qc2 $14) 12. Qxd4 Nxd5 13.
Bxe7 Nxe7 14. b4 $1 {Hansen,LB: Otherwise Black equalizes through Bd7. Sonst
soll Weiss den Punkt schon jetzt teilen.} Qc7 (14... Rxd4 15. bxa5 $16 (15.
bxa5 {Ribli} Rd8 16. Bf3 $14 {>< b7})) (14... Qb6 15. Qxb6 axb6 16. Bf3 Nc6 17.
Rfd1 (17. Bxc6 bxc6 18. a4 $14) 17... Bd7 18. b5 Na5 19. Rab1 $5 {/\Na4}) 15.
Nb5 Qd7 (15... Qb6 16. Qxb6 axb6 17. Bf3 $14) 16. Qb2 {/\ Rfd1} (16. Qh4 Nf5 $5
(16... Ng6 17. Qg3 e5 18. f4 $5) 17. Qf4 Qe7 18. Nc7 Rb8 19. Nd5 Qd6) 16... Nc6
(16... a6 17. Rfd1 Nd5 18. Nc3 $16) (16... Nd5 17. Rfd1 Qe7 18. Rac1 (18. Nc3
Nf6 (18... Nxc3 19. Qxc3 $14)) (18. e4 Nf4 19. Rxd8+ Qxd8 20. Rd1 Bd7 (20...
Nxe2+ 21. Qxe2 Qe7 22. Qd3) (20... Qg5 21. Bf1 e5 22. h4 Qxh4 (22... Nh3+ 23.
Kh2 Qf4+ 24. g3) 23. g3 Qg5 24. Qxe5 $18) 21. Bf1 Nh3+ (21... Qe7 22. Nd6 Ba4
23. Rd2 $14) 22. Kh1 (22. gxh3 Qg5+ 23. Kh1 Bxb5) 22... Qb6 $1 $10 (22... Bxb5
23. Rxd8+ Rxd8 24. gxh3 Bxf1 25. Kg1 (25. Qc3 h6 $44) 25... Bb5 (25... Bc4 26.
b5 a6 27. a4 axb5 28. axb5) 26. Qe5 a6 27. Qc7 Rd1+ 28. Kg2 g6 (28... h6 29.
Qc8+ Kh7 30. Qxb7 $16) 29. Qxb7 Rd2 30. a4)) 18... Bd7 19. Nc7 Ba4 20. Nxd5 (
20. Nxa8 Bxd1 21. Rxd1 Rxa8) 20... exd5 21. Rd4 $14) (16... Qd2 $4 {Ribli} 17.
Rfd1 $18) 17. Rfd1 (17. Bf3 Qe7 18. Bxc6 (18. Rfd1 $1) 18... bxc6 19. Nd4 Rd6
20. Qc3 Bd7 $14) (17. Bf3 $5 {Hansen,LB}) 17... Qe7 18. Rxd8+ (18. Bf3 $1 Bd7 (
18... Rxd1+ 19. Rxd1 Nxb4 20. Qd4 $18 (20. Qe5)) 19. Nd6 Be8 20. Nxe8 Rxd1+ (
20... Rxe8 21. b5 Na5 22. Qc3) 21. Rxd1 Rxe8 22. b5 Na5 23. Rc1 (23. Qc3 b6 24.
g3 Nb7 $10) 23... b6 24. Qe5 Nb7 25. Bxb7 (25. Rc7 Qb4 26. h3 Nc5 27. Bc6 (27.
Qf4 $1 Qxf4 (27... Qe1+ 28. Kh2 Rf8 29. Bh5 g6 30. Bg4 Nd3)) 27... Rf8) 25...
Qxb7 26. Rc7 Rd8 27. h3 Qb8 28. Qf4 Rf8 29. Qc4 $16) 18... Nxd8 19. Rd1 Bd7 20.
Qd4 $6 (20. Nd6 $1 Bc6 (20... a6 $5 21. Qb3 $16) 21. e4 a6 {/\f6,Nf7} (21...
Bd5 22. Nxf7 (22. Nf5 exf5 23. exd5 Qd6 24. Qc2 g6 (24... Qxb4 25. d6 $16 (25.
Qc7 $5)) 25. Qc5 $16) 22... Bxe4 23. Qe5 Bd5 24. Rxd5 Nxf7 25. Qe4 $16) 22. Qb3
Bd5 (22... f6 23. Bg4) 23. Qg3 (23. exd5 Qxd6 24. dxe6 Qxe6 $14) 23... Bxa2 24.
Rd2 $18) 20... Bxb5 21. Bxb5 h6 {Ribli: Sehr wichtig ist es fuer Schwarz die
Grundlinie zu sichern.} (21... Nc6 22. Bxc6 bxc6 23. Qd6 Qxd6 24. Rxd6 Rc8 25.
Rd7 Kf8 26. Rxa7 Rb8 27. a3 c5 28. Ra4 $14) 22. h3 (22. Qc5 $5 Qxc5 23. bxc5
Rc8 24. Rd7 g5 25. Kf1 Kg7 26. Ba4 $14 (26. a4 a6 27. Be2 Kf8 $10) 26... b6 (
26... b5 27. Bxb5 Rxc5 28. a4 Nc6 29. Ke1 $1 $36 (29. Bxc6 Rxc6 30. Rxa7 $14))
27. Ke2) 22... Nc6 {Ribli: Schwarz wird mit einigen aktiven Zuege das Remis
erreichen.} 23. Bxc6 bxc6 {Hansen,LB: With the b-pawn on b2 or b3 White would
be clarly better due to the weak c6-pawn, but as it is Black can organize
counterplay against the b4-pawn.} 24. Qc4 (24. Qc3 $1 Rb8 25. a3 $14) 24... Rb8
25. a3 (25. Rb1 {Ribli} a5 $10) (25. Qxc6 {Ribli} Rxb4 26. Rd7 Qf6 $10) 25...
a5 26. bxa5 Qxa3 27. a6 (27. Qf4 $5 Rf8 (27... Ra8 28. Rd7 Qa1+ 29. Kh2 Qf6 30.
Qc7 Qxf2 31. a6 Qxe3 32. a7 (32. Rxf7 $5)) 28. Qc7 c5 29. Rd6 (29. Kh2 c4 30.
Rd4 c3 31. Rc4 Ra8) 29... Qa1+ 30. Kh2 Qe5+ 31. g3 (31. f4 Qxe3 32. Rc6 h5 $132
33. Rxc5 h4 34. Rc3) 31... c4 (31... Qf6 32. Kg2) 32. a6 c3 33. a7 c2 34. Rc6
$10) 27... Ra8 28. Qxc6 Rxa6 29. Rd8+ Kh7 30. Qc2+ (30. Qe8 $5) 30... g6 31.
Qc7 Ra7 32. Qb8 Qc1+ 33. Kh2 Qc7+ 1/2-1/2

[Event "Olympiad-35"]
[Site "Bled"]
[Date "2002.11.04"]
[Round "9.1"]
[White "Gelfand, Boris"]
[Black "Nisipeanu, Liviu Dieter"]
[Result "1-0"]
[WhiteElo "2704"]
[BlackElo "2613"]
[Annotator "Gelfand,B"]
[PlyCount "83"]
[EventDate "2002.10.26"]
[EventType "team-swiss"]
[EventRounds "14"]
[EventCountry "SLO"]
[SourceTitle "CBM 092"]
[Source "ChessBase"]
[SourceDate "2003.02.06"]
[SourceVersion "1"]
[SourceVersionDate "2003.02.06"]
[SourceQuality "1"]
[WhiteTeam "Israel"]
[BlackTeam "Romania"]
[WhiteTeamCountry "ISR"]
[BlackTeamCountry "ROU"]

1. d4 Nf6 2. c4 e6 3. g3 c5 4. Nf3 cxd4 5. Nxd4 Nc6 6. Bg2 Qb6 7. Nb5 Ne5 8.
N1c3 a6 9. Na3 $5 Be7 10. O-O d6 $146 (10... Qc7 11. Bf4 d6 12. Rc1 Rb8 13. c5
Nfd7 14. cxd6 Qxd6 15. Qc2 $16 {1-0 Agrest,E-Hellers,F/SWE t-ch 0102 2002 (51)}
) 11. Qb3 Qc7 12. Bf4 O-O 13. Rfd1 Ng6 14. Be3 Nd7 15. Na4 $5 (15. Rac1 Rb8)
15... Rb8 16. Ba7 Ra8 17. Qe3 $6 (17. Bd4 $142 Rb8 18. Qc3 $1 Bf6 19. Rac1 b6
$14) 17... Bd8 $1 18. Rac1 (18. Bd4 Rb8 $11) 18... Qa5 $1 (18... Ne7 19. c5 d5
(19... Nf5 20. cxd6 Nxe3 21. dxc7 Nxd1 22. cxd8=Q Rxd8 23. Rxd1 Rxa7 24. Nb6)
20. Bb6 $14) 19. b3 Ne7 $1 20. g4 (20. Bd4 Nf5 21. Qc3 Nxd4 22. Qxd4 Be7 $15)
20... Nc6 $1 (20... Bc7 $6 21. Bd4 $16) (20... Ng6 21. Bd4 Bg5 22. Qc3 Qxc3 23.
Rxc3 $16) 21. Bxc6 bxc6 22. Rxd6 Qc7 (22... Bg5 23. f4 Be7 24. Rxd7 Bxa3 25.
Bb6 $16) (22... Be7 $5 23. Rxd7 (23. Rcd1 $2 Bxd6 24. Rxd6 c5 $5 25. Bxc5 $2
Nxc5 26. Qxc5 Qe1+ 27. Kg2 Bb7+ $19) 23... Bxd7 (23... Bxa3 24. Rcd1 Bxd7 25.
Bb6 Qb4 26. Bc5 $16) 24. Rd1 $1 $44 (24. Bb6 Qg5 25. Qxg5 Bxg5 26. Rd1 Bc8 $13)
) 23. Bc5 (23. Rxd7 Qxd7 24. Bc5 Re8 $15) 23... Nxc5 24. Qxc5 Be7 25. Rcd1 Bxd6
(25... e5 26. h3 (26. f3 Bxg4 27. Qxc6 $13) (26. Qxe5 Bxd6 (26... Bxg4 27. c5)
27. Qxd6 Qxd6 28. Rxd6 Bxg4 29. f3 Be6 $13) 26... Bxd6 (26... Bxg4 27. Rxc6)
27. Qxd6 Qxd6 28. Rxd6 f5 $132) 26. Qxd6 Ra7 $6 (26... Qxd6 27. Rxd6 e5 28. f3
(28. h3 f5) 28... e4 $132 (28... f5 $5)) 27. c5 $1 e5 28. Nc4 $6 (28. f3 e4 $5
29. Nc4 $44) 28... f6 $2 (28... Bxg4 29. f3 (29. Nxe5 Bxe2 30. Re1 Bb5 31. Nb6
Qxd6 32. cxd6 Rd8 33. a4 f6 $17) 29... Bh3 $1 {Notkin,M} (29... Be6 30. Nxe5
$16) 30. Nxe5 Qe7 $1 $15) 29. f3 Qf7 30. Nab6 (30. Qxc6 $2 Bd7 31. Qb6 Bxa4 32.
Nd6 Qc7 33. bxa4 Rb8 34. Qxc7 Rxc7 $19) 30... Rc7 31. Na5 h5 $2 (31... Bb7 $5
$16) (31... Re8 $5 32. Nxc6 Re6 33. Qxc7 $5 (33. Qd8+ Re8 34. Qd6 $11) 33...
Qxc7 34. Rd8+ Kf7 35. Rxc8 Qxc6 36. Rxc6 Rxc6 37. b4 $16) 32. gxh5 Bh3 33. Nxc6
Kh7 (33... Qxh5 34. Kh1 $16 (34. Qxc7 $2 Qg5+ 35. Kf2 Qh4+ 36. Kg1 (36. Ke3 $2
Qf4+ 37. Kd3 $4 e4+) 36... Qg5+ $11)) 34. Kh1 (34. Nd8 $2 Rxd8 35. Qxd8 Rxc5
$132) 34... Rfc8 35. Qd3+ (35. Nxc8 $2 Rd7 $132) 35... e4 36. Qxe4+ f5 37. Qh4
Re8 (37... Rxc6 38. Nxc8 Rxc8 39. Qxh3 Rxc5 $18) 38. Nd4 Qe7 39. Qxh3 Qxc5 40.
Nc4 Rd8 41. e3 f4 42. Rg1 1-0

[Event "ISR-chT"]
[Site "Ramat Aviv"]
[Date "2000.03.17"]
[Round "6.2"]
[White "Tsesarsky, Ilya"]
[Black "Gershon, Alik"]
[Result "0-1"]
[WhiteElo "2458"]
[BlackElo "2471"]
[Annotator "Gershon,A"]
[PlyCount "57"]
[EventDate "2000.01.14"]
[EventType "team"]
[EventRounds "11"]
[EventCountry "ISR"]
[SourceTitle "CBM 077"]
[Source "ChessBase"]
[SourceDate "2000.07.27"]
[SourceVersion "1"]
[SourceVersionDate "2000.07.27"]
[SourceQuality "1"]
[WhiteTeam "Jerusalem Elitzur"]
[BlackTeam "Kfar Saba"]
[WhiteTeamCountry "ISR"]
[BlackTeamCountry "ISR"]

1. Nf3 c5 2. c4 Nc6 3. d4 cxd4 4. Nxd4 Nf6 5. Nc3 e6 6. g3 Qb6 7. Nb3 Ne5 8. e4
Bb4 9. Qe2 d6 10. Bd2 {'?!' Tsesarsky.} (10. f4 Nc6 11. Be3 Bxc3+ 12. bxc3 Qc7
13. Bg2 O-O 14. O-O (14. c5 dxc5 15. Bxc5 Rd8 16. e5 Na5 $1 17. Bb4 (17. Nxa5
Qxc5) 17... Nxb3 18. axb3 Nd5 19. Qc4 Qd7 {Kramnik-Salov,96})) 10... O-O {
'!' Tsesarsky. Tsesarsky: 'maybe better than '} (10... a5 $1 {[%cal Ga5a3]
Yields black an equality}) (10... a5 $5) 11. f4 {Tsesarsky: 'This move seems
best in this position'} (11. O-O-O a5 12. f4 a4 {'!' Tsesarsky. Tsesarsky:
'And according to my analysis Black have advantage, for example: '} 13. fxe5 (
13. Nxa4 Rxa4 14. fxe5 dxe5 $17 {[%csl Rc1]}) (13. Be3 Qa6 14. Nd4 a3 15. Ndb5
(15. fxe5 axb2+ 16. Kc2 (16. Qxb2 Ba3 17. exf6 Bxb2+ 18. Kxb2 Qa3+ $17) 16...
dxe5 17. Ndb5 Nxe4 $1 18. Nxe4 Qa4+ 19. Kxb2 Qxa2+ 20. Kc1 Ba3+ 21. Nxa3 Qxa3+
$17) (15. Ncb5 $5 axb2+ 16. Qxb2 Nc6 $1 (16... Neg4 17. Qxb4 Nxe3 18. Rd3 $16 {
[%cal Gd3a3]}) 17. Nxc6 bxc6 18. Qxb4 cxb5 $17) 15... axb2+ 16. Qxb2 Bxc3 17.
Qxc3 Neg4 $17) 13... axb3 14. a3 (14. exf6 Bxc3 $1 (14... bxa2 {[%csl Ga2,Rc1]}
15. Nxa2 Rxa2 16. fxg7 (16. Qg4 g6 17. Qg5 (17. Qh4 Qd4 $19 {[%csl Rc1]}) 17...
Qd4 $1 $19 {[%csl Rb2,Rc1][%cal Rd4b2]} (17... Rxb2 18. Kxb2 Bxd2+ 19. Qb5 Qd4+
$17)) 16... Kxg7 $17 {[%csl Rb2,Rc1]}) 15. a3 Bxf6 $17) 14... dxe5 {'!'
Tsesarsky.} (14... Bxc3 15. Bxc3 dxe5 16. Bxe5 $36 {'+/=' Tsesarsky. Tsesarsky:
'1-0 Ivanchuk,V-Khalifman,A/Elista 1998/CBM 65/ (48)'}) 15. axb4 Ra1+ $44 (
15... Ra1+ 16. Nb1 Qa7 (16... Rd8 17. Qf3) 17. Qd3 b5 18. c5 Nxe4 $17)) (11.
Rc1 Bd7 (11... d5 12. c5 (12. exd5 exd5 13. Nxd5 Nxd5 14. Qxe5 (14. cxd5 Re8
$19) 14... Bg4 $19) 12... Qd8 13. a3 Bxc3 (13... dxe4 14. Nxe4 Bxd2+ 15. Nbxd2
Bd7 16. f4 Nxe4 17. Nxe4 Nc6 18. Bg2 e5 19. O-O exf4 $132 {1/2-1/2 Romero
Holmes,A-Izeta,F/ch-ESP Team, Ampuriabrava ESP 1997 (46)}) 14. Bxc3 Nc6 15. e5
Ne4 16. Bg2 Nxc3 17. Rxc3 $11) 12. f4 Nc6 13. Bg2 e5 14. Nd5 (14. a3 $2 Bxa3
15. bxa3 Qxb3 16. Rb1 Qxa3 17. Nb5 Qc5 18. Be3 Nd4 $17 {0-1 Dienz,O-Koehler,R/
Wiesbaden GER 1992 (40)}) 14... Nxd5 15. cxd5 (15. exd5 Nd4 (15... Bxd2+ 16.
Qxd2 Nb4 17. c5 dxc5 18. Nxc5 Rfc8 (18... Bf5 19. a3 Na2 20. Rc4 Qb5 21. b3 $16
) 19. Nxd7 Nd3+ (19... Rxc1+ 20. Qxc1 Nd3+ 21. Kd2 Qd4 22. Qc3 $18) 20. Kd1
Nxb2+ (20... Rxc1+ 21. Qxc1 Qd4) 21. Ke2 Qb5+ 22. Kf3 e4+ 23. Ke3 Nc4+ 24. Rxc4
Rxc4 $17)) 15... Bxd2+ 16. Qxd2 Nb4 $17) (11. Bg2 a6 12. f4 Nc6 13. O-O-O e5 (
13... d5 $2 14. e5 dxc4 15. Qxc4 Bxc3 16. Qxc3 Nd5 17. Qc5 Qxc5+ 18. Nxc5 Nce7
19. Kb1 $14 {1-0 Mellado,J-Gil Gonzales,J/Catalunia-chT ,EXT 1995 (76)}) 14.
Be3 Qc7 15. Nd5 Nxd5 16. exd5 exf4 17. gxf4 (17. Bxf4 Na5 18. Nxa5 Qxa5 19. a3
Bf5 $17) 17... Na5 $17) 11... Nc6 12. O-O-O {'[]' Tsesarsky.} (12. Bg2 $2 e5
13. O-O-O (13. f5 Nd4 14. Nxd4 exd4 15. Nb5 Bxd2+ 16. Qxd2 d5 17. Qxd4 Qxd4 18.
Nxd4 dxe4 19. O-O Rd8 20. Nb5 a6 21. Nc3 Rd4 22. Rae1 {Pogorelov,R-Kolev,A/
Zaragoza op 1996/1/2-1/2 (52)}) 13... Qa6 14. Kb1 Bg4 15. Bf3 Bxf3 16. Qxf3
Qxc4 $17 {0-1 Virtanen-Tocklin/cr SF Hkl 1990 (27)}) (12. Rd1 $2 e5 13. f5 Nd4
14. Nxd4 exd4 (14... Qxd4 15. Nd5 Bxd2+ 16. Rxd2 Qc5 17. b4 Qc6 18. Ne7+ {
1-0 Czarnolewski,P-Zawadka,A/cr ch-POL 1993 (18)}) 15. Nb5 Bxd2+ 16. Rxd2 Re8
17. Bg2 Bxf5 18. Rxd4 d5 $1 $17) 12... e5 13. f5 {'=!?' Tsesarsky.} (13. Nd5
Nxd5 14. cxd5 Bxd2+ (14... Nd4 15. Nxd4 Qxd4 16. Bxb4 Qxb4 17. fxe5 dxe5 18.
Kb1 Bd7 $11) 15. Qxd2 Nb4 16. Kb1 Bd7 17. a3 (17. fxe5 Ba4 18. Bc4 Rac8 19. Qc3
(19. Rc1 Nxa2 20. Kxa2 Rxc4 $44) 19... dxe5 $17) 17... Na6 $11 {Lautier-Lutz/97
} (17... Na6 18. Na5 Nc5 19. Nc4 Qc7 20. fxe5 dxe5 21. Qe3 $11 {0-1 Lautier,
J-Lutz,C/Baden-Baden 1992 (49)})) 13... Nd4 {'!' Tsesarsky.} (13... a5 14. Be3
Qa6 15. Nb5 a4 16. Nd2 (16. Nc7 axb3 17. Nxa6 bxa2 18. Kc2 Rxa6 19. Bg2 Bc5
$132 (19... Bc5 20. b3 Bd7 21. Kb2 Nd4 22. Bxd4 a1=Q+ 23. Rxa1 Bxd4+ 24. Kc2
Bxa1 {0-1 Gleizerov,E-Dvoirys Semen I/Cheliabinsk RUS 1990 (24)})) 16... a3 17.
b3 Bc5 18. Kb1 $14) 14. Nxd4 exd4 15. Nd5 (15. Nb5 Bxd2+ 16. Rxd2 (16. Qxd2
Nxe4 17. Qxd4 Nf2 $17) 16... Re8 17. Rxd4 a6 18. Rxd6 Qc5 {I considered this
position to be won during the game.} 19. e5 (19. Rxf6 axb5 $19) 19... axb5 20.
exf6 Bxf5 $17) 15... Nxd5 16. cxd5 Re8 $36 {[%cal Gc8f5,Ga8c8,Gc8d7] A very
complicated position with black compensating with dynamics on his positional
weaknesses.} (16... Ba3 {A funny move which falls short to} 17. Qb5 $1 $16 (17.
bxa3 Bd7 {Unbelievably white cannot defend from one threat} 18. Bb4 (18. Be1
Rac8+ 19. Kd2 Qb2+ 20. Kd3 Rc3+ 21. Bxc3 (21. Kxd4 Rc2+ $19) 21... Qxc3#) 18...
Rfc8+ 19. Kb1 a5 20. Qb2 axb4 21. axb4 Rc3 $40)) 17. Qd3 $8 (17. Bxb4 $2 Bxf5
$1 18. Qb5 {'!' Tsesarsky.} Rac8+ (18... Bxe4 19. Qxb6 axb6 (19... Rac8+ $1 20.
Qc6 bxc6 21. Bd3 Bxh1 22. Rxh1 cxd5+ 23. Kd2 $14) 20. Bd3 Bxh1 21. Rxh1 Rxa2
22. Kc2 Raa8 $132) 19. Kd2 Bxe4 20. Re1 $1 (20. Qxb6 $2 Rc2+ 21. Ke1 Bd3+ 22.
Be2 Rexe2+ 23. Kf1 Rf2+ 24. Kg1 Rg2#) 20... Qd8 $1 $17 {[%cal Gd8g5]}) (17. Qf3
Bxf5 $1 (17... Bd7 $17) 18. exf5 Rac8+ 19. Kb1 Bxd2 20. Rxd2 Re1+ 21. Rd1 Qc5
22. Bc4 Rxh1 (22... Re3 23. Qg4 Qxc4 24. f6 Qc2+ 25. Ka1 g6 $17) 23. Qxh1 Qxc4
24. Qe4 $11 {Horvath=Palajzer '=/+' Tsesarsky. Tsesarsky: '1/2-1/2 Wittmann,
W-Erdelyi,T/Austria tt2S 1993 (32)'}) 17... Bd7 (17... Bxf5 18. exf5 Bxd2+ 19.
Qxd2 $18) 18. Bxb4 (18. Bg2 Rac8+ 19. Kb1 Bc3 $17) 18... Qxb4 19. Bg2 $6 (19.
Kb1 $142 Rac8 20. Bg2 Ba4 21. Rc1 (21. Qxd4 $2 Bc2+ 22. Ka1 Bxd1 $19) (21. b3
$1 {see- annotations to white's 20th move}) 21... Bb5 22. Rxc8 Rxc8 $17) 19...
Ba4 20. Rd2 $4 {'-+??' Tsesarsky.  Tsesarsky: 'White wins the pawn d4, but
loses the game'} (20. b3 $8 Qa3+ (20... Bb5 21. Qxd4 $14 Rec8+ 22. Kb2 Rc4 23.
Qd2 $16) (20... Rac8+ 21. Kb1 Rc3 22. Qxd4) 21. Kb1 Rac8 22. Rc1 (22. bxa4 $4
Rc1+ $19) (22. Qxd4 Rc2 23. Kxc2 (23. Qa1 Bxb3 $19) 23... Qxa2+ 24. Kd3 Bb5+
25. Ke3 Qxg2 $44) (22. Rhg1 Bd7 (22... Rc3 23. Qxd4 Bxb3 (23... Rec8 24. Qxa4)
24. Qxc3 Qxa2+ (24... Bxa2+ 25. Kc2 Bb3+ 26. Kd3 $18) 25. Kc1 Bxd1 26. Kxd1 Qf2
27. Qe1 Qd4+ 28. Ke2 $16) 23. Qxd4 a5 24. Rc1 a4 25. b4 Bb5 26. Qb2 Bd3+ 27.
Ka1 Qxb2+ 28. Kxb2 Kf8 $14) 22... Rc5 (22... Qb4 $1 23. Rhd1 Rxc1+ 24. Rxc1 (
24. Kxc1 Rc8+ 25. Kb2 Rc3 26. Qxd4 Rxb3+ 27. axb3 Qxb3+ 28. Ka1 Qxd1+ 29. Qxd1
Bxd1 30. e5 Kf8 31. exd6 Ke8 32. f6 gxf6 33. Bh3 Bb3 $19) 24... Bb5 $15) 23.
Rxc5 dxc5 $13 {With a very unbalanced position where every side has its good
and bad sides} (23... dxc5 24. f6 gxf6 25. Rf1 Qb4 26. Rxf6 Bb5 27. Qd1 c4 28.
Qg4+ Kf8 29. Qh5 Qe1+ 30. Kb2 Qe2+ 31. Qxe2 c3+ 32. Kc2 Bxe2 33. Rf2 $132))
20... Rac8+ 21. Kb1 Rc3 $1 {Doubling the rooks on 'c' file.} (21... Rc4 $1 22.
f6 (22. Rc1 Rxc1+ 23. Kxc1 Rc8+ 24. Kb1 Qc5 25. a3 Qc1+ 26. Ka2 Bc2 $19) (22.
a3 Qc5 23. f6 Rc8 24. Ka2 Qb6 {[%cal Gc4c3]} 25. Qf3 Rc3 26. Qg4 Qb3+ 27. Kb1 (
27. Ka1 Rc1+ $19) 27... g6 $19) 22... Rec8 $19) 22. Qxd4 Rc4 $1 (22... Bc2+ 23.
Rxc2 Qxd4 24. Rxc3 {White's position is very solid. Black needs to get the
same position with white having only one rook}) 23. Qe3 (23. Qf2 Rec8 (23...
Rcxe4 24. f6 gxf6 25. Rc1 $15) 24. a3 Qb5 25. Rg1 Bc2+ 26. Ka1 Qb3 27. Qf3 Rc3
28. Qf1 Bd3 29. Qe1 Rc2 30. Rxc2 Rxc2 31. Qb4 Rxg2 $1 32. Rc1 Rc2 $1 $19) 23...
Rec8 {[%cal Gc4c2,Ga4c2]} 24. a3 (24. b3 Rc3 25. Qe2 R8c5 (25... Qc5 26. Qd1
Bb5 $17) 26. Rb2 Bb5 27. Qd2 Bd3+ 28. Ka1 Qd4 $19) 24... Qb5 25. Bf3 (25. f6
Rc2 26. Rxc2 Rxc2 27. Qd4 Rxg2 $19) 25... Rc3 26. Qf2 (26. Qe2 Qb3 27. Bg4 Rc2
$19) 26... Bc2+ (26... Rxa3) (26... Rxa3 27. Bd1 Rc1+ $19) 27. Ka1 (27. Rxc2
Rxc2 28. Qxc2 Rxc2 29. Kxc2 Qc4+ 30. Kd2 Qd4+ 31. Ke2 Qxb2+ 32. Kf1 Qxa3 33.
Kg2 Qb2+ $19 {[%cal Ga7a1]}) 27... Qa4 (27... Rxa3+ 28. bxa3 Qb3 29. Rxc2 Rxc2
30. Qxc2 Qxc2 31. Bd1 Qxe4 $19) 28. Rxc2 Rxc2 {'(+)' Tsesarsky.} 29. Qe3 $138 (
29. Qe3 R8c3 30. Qxc3 Rxc3 31. bxc3 Qxa3+ 32. Kb1 Qb3+ 33. Kc1 Qxc3+ $19) 0-1

[Event "Biel GM 51st"]
[Site "Biel"]
[Date "2018.07.31"]
[Round "9"]
[White "Navara, David"]
[Black "Svidler, Peter"]
[Result "1/2-1/2"]
[WhiteElo "2741"]
[BlackElo "2753"]
[Annotator "Golubev,M"]
[PlyCount "80"]
[EventDate "2018.07.22"]
[EventType "tourn"]
[EventRounds "10"]
[EventCountry "SUI"]
[EventCategory "20"]
[SourceTitle "CBM 186"]
[Source "ChessBase"]
[SourceDate "2018.09.14"]
[SourceVersion "1"]
[SourceVersionDate "2018.09.14"]
[SourceQuality "1"]

1. Nf3 Nf6 2. c4 c5 3. d4 cxd4 4. Nxd4 Nc6 5. Nc3 e6 6. a3 Bc5 ({Black's main
choice is between this move and} 6... Be7 7. e4 O-O) 7. Nb3 $1 Bb6 $1 {This is
a modern line.} ({In the 'old' days when people prepared without engines'
assistance,} 7... Be7 {had been used invariably here. Then} 8. e4 $1 {normally
leads to the Hedgehog-type positions with some White's pressure.}) 8. c5 ({
Navara as White had also tried} 8. e4 {, against Eljanov in Biel 2015. (The
active bishop on b6 appears to be useful for Black in the further lines, he
can even try 8...d5)}) ({While} 8. Bf4 d5 $1 {had been tested in several of
Navara's games, with both colours.}) 8... Bc7 9. Bg5 $5 ({Deviating from} 9. g3
O-O 10. Bg2 b6 11. O-O Be5 $1 {as, in particular, in Navara-Cheparinov,
Tbilisi Wcup 2017 and Matlakov-Svidler, Wijk aan Zee 2018.}) 9... h6 (9... b6
10. e3 bxc5 $5 11. Nxc5 Be5 12. Rc1 (12. Qd2 $5) 12... Qa5 (12... Ne7 $5) 13.
Bxf6 $1 Bxf6 ({or} 13... gxf6 {, Karttunen-Gelfand, Skopje ECC 2015,} 14. N5a4
$1 {/\ b4}) 14. N5e4 $1 Rb8 15. Nxf6+ gxf6 {Laznicka-Sutovsky, EU-ch Jerusalem
2015, is probably slightly better for White.}) 10. Bh4 O-O ({The attempts} 
10... Be5 $5) ({and} 10... b6 11. e3 Be5 $5 {have been seen in email/internet
games.}) 11. e3 d5 $146 {A practical decision: in a strategically tense, quite
complex position Svidler goes for simplifications, hoping that he'll not be
significantly worse in the symmetrical structure.} ({Black has a number of
more ambitious moves to consider:} 11... b6 12. Rc1 Rb8 $5 (12... Be5 $6 13. f4
$1 Bxc3+ 14. Rxc3 {Van Egmond-Kristensen, Leiden 2017}) (12... Bb7 13. f4 $5))
(11... Be5 12. Rc1 $140 Ne7 $1) ({or maybe} 11... Rb8) 12. cxd6 Qxd6 13. Bxf6
$5 Qxd1+ 14. Rxd1 gxf6 15. Nb5 (15. Be2 {with certain pressure is preferable.})
15... Be5 $5 (15... Bb6 {was also an option but Black rightly decides that he
is ready for forcing matters.}) 16. f4 $1 ({After} 16. Rd2 a6 $5 {White has
nothing better than} 17. Nc3 {what certainly wasn't his idea} (17. Nd6 $6 Rd8
$1)) 16... Bxb2 17. Rd2 a6 $8 18. Nc7 Ra7 $8 19. Rxb2 b6 $1 20. Nb5 $6 ({
White had to play rather} 20. Nxe6 $1 {and if} Bxe6 21. Kf2 $5 {where he's at
least no worse.}) 20... axb5 21. Bxb5 Ne7 $1 {And now it's Black whose chances
are slightly better.} 22. a4 ({An engine's suggestion is} 22. Kf2 $5 Rxa3 23.
Rd1 {/\Rd6 where Black can hardly can profit from his extra pawn.}) 22... Bd7 (
{An alternative was} 22... Ba6 $5 {where} 23. Bxa6 $2 Rxa6 {loses a pawn for
White.}) 23. Bxd7 Rxd7 24. Kf2 Ra8 ({Black doesn't have much but he could have
tried} 24... f5 $5 {(generally preparing ...Nd5 and ...Ra8) with the idea of}
25. a5 $6 bxa5 26. Nxa5 Rc8 $1) 25. Ra1 Rda7 26. Nd2 ({Or} 26. Nd4 Nd5 27. f5
$1 $11) 26... Nd5 27. Nc4 $1 Rxa4 ({Or} 27... Ra6 28. f5 $1 $11) 28. Rxa4 Rxa4
29. Nxb6 Nxb6 30. Rxb6 $11 {The rest was a formality.} Kg7 31. Kf3 f5 32. h3 h5
33. g4 hxg4+ 34. hxg4 fxg4+ 35. Kxg4 Kg6 36. Kf3 Rc4 37. Rb5 f5 38. Re5 Kf6 39.
e4 Rxe4 40. Rxe4 fxe4+ 1/2-1/2